书目信息 |
| 题名: |
制冷空调系统的安全运行、维护管理及节能环保
|
|
| 作者: | 曹德胜 主编 | |
| 分册: | ||
| 出版信息: | 北京 中国电力出版社 2003.12 |
|
| 页数: | 488页, [20] 页图版 | |
| 开本: | 26cm | |
| 丛书名: | ||
| 单 册: | ||
| 中图分类: | TB657.2 | |
| 科图分类: | ||
| 主题词: | 制冷--空气调节器--安全技术 , 制冷--空气调节器--环境保护 , 制冷--空气调节器--节能 | |
| 电子资源: | ||
| ISBN: | 7-5083-1655-X | |
| 000 | 01176nam0 2200265 45 | |
| 001 | 0103504154 | |
| 005 | 20050925145331.14 | |
| 010 | @a7-5083-1655-X@dCNY49.00 | |
| 100 | @a20031124d2003 kmey0chiy0121 ea | |
| 101 | 0 | @achi |
| 102 | @aCN@b110000 | |
| 105 | @aaf a 000yy | |
| 200 | 1 | @a制冷空调系统的安全运行、维护管理及节能环保@AZhi Leng Kong Diao Xi Tong De An Quan Yun Xing、Wei HuGuan Li Ji Jie Neng Huan Bao@f曹德胜主编@FCao De Sheng Zhu Bian |
| 210 | @a北京@c中国电力出版社@d2003.12 | |
| 215 | @a488页, [20] 页图版@c图 (部分彩图)@d26cm | |
| 320 | @a有书目 (第488页) 。 | |
| 330 | @a本书主要包括:制冷空调基础知识、蒸汽压缩制冷循环、制冷剂、载冷剂和润滑油、制冷压缩机、制冷换热设备及其他辅助设备、空气调节系统、空气、调节设备、制冷空调常用控制元件及仪表、制冷系统及成套装置、制冷空调系统的操作和调整、制冷空调系统故障分析和排除、制冷空调系统的安全、制冷空调系统的节能等。 | |
| 333 | @a大、中专学生,技术人员 | |
| 606 | 0 | @a制冷@x空气调节器@x安全技术 |
| 606 | 0 | @a制冷@x空气调节器@x环境保护 |
| 606 | 0 | @a制冷@x空气调节器@x节能 |
| 690 | @aTB657.2@v4 | |
| 701 | 0 | @a曹德胜@ACao De Sheng@4主编 |
| 801 | 0 | @aCN@bbQSSK@c20050925 |
| 905 | @a10447@dTB657.2@eC106 | |
| 制冷空调系统的安全运行、维护管理及节能环保/曹德胜主编.-北京:中国电力出版社,2003.12 |
| 488页, [20] 页图版:图 (部分彩图);26cm |
| 使用对象:大、中专学生,技术人员 |
| ISBN 7-5083-1655-X:CNY49.00 |
| 本书主要包括:制冷空调基础知识、蒸汽压缩制冷循环、制冷剂、载冷剂和润滑油、制冷压缩机、制冷换热设备及其他辅助设备、空气调节系统、空气、调节设备、制冷空调常用控制元件及仪表、制冷系统及成套装置、制冷空调系统的操作和调整、制冷空调系统故障分析和排除、制冷空调系统的安全、制冷空调系统的节能等。 |
| ● |
| 相关链接 |
|
|
|
正题名:制冷空调系统的安全运行、维护管理及节能环
索取号:TB657.2/C106
 
预约/预借
| 序号 | 登录号 | 条形码 | 馆藏地/架位号 | 状态 | 备注 |
| 1 | 572373 | 205723733 | 自科库501/501自科库 18排3列2层/ [索取号:TB657.2/C106] | 在馆 | |
| 2 | 572374 | 205723742 | 自科库501/501自科库 18排3列2层/ [索取号:TB657.2/C106] | 在馆 | |
| 3 | 572375 | 205723751 | 自科库501/ [索取号:TB657.2/C106] | 在馆 |